00639nam a2200181 a 450000100100000000500170001000800410002702000180006804000250008610000180011124500880012926000630021730000210028050400300030150000370033150000620036871000270043000003447620200930073724.0140304s2010 dr 000 0 spa d a9789945416350 aDO-SdBNPbspacBNPHU1 aRama, Claudio14aLos postgrados de América Latina en la sociedad del conocimiento /cClaudio Rama. aSanto Domingo, :bUNICARIBE,c2010fSomos Artes Gráficas a266 p. ;c25 cm. aBibliografía p: 261-264 aIncluye notas a pie de páginas aIncluye datos biografícos del autor en la contraportada12aUniversidad del Caribe